000 00760nam a22002057a 4500
999 _c13797
_d13797
008 190415b ||||| |||| 00| 0 eng d
020 _a9781118875537
082 _22016
_aAV-Eb 362.3
_bB889
100 _aBrue,Alan W.
_938336
245 _aEssentials of intellectual disability assessment and identification /
_cAlan W. Brue and Linda Wilmshurst
250 _aFirst Edition
260 _bJohn Wiley & Sons, Incorporated
_c©2016.
300 _a204 pages;
440 _aEssentials of Psychological Assessment Ser.
_938296
500 _aIncludes index.
650 _aMental retardation.
_938337
700 _aWilmshurst,Linda.
_938338
856 _yhttps://ebookcentral.proquest.com/lib/uniofmindanao-ebooks/detail.action?docID=4470724
942 _2ddc
_cEB